| 000 | 01884nam0a2200373 4500 | ||
|---|---|---|---|
| 001 | RU\NLR\bibl\355410 | ||
| 005 | 20250621155013.0 | ||
| 010 |
_a5-696-02088-7 _9100 |
||
| 021 |
_aRU _b2002-50514 _92445 |
||
| 035 | _a(NLR Aleph) 000350070 | ||
| 090 |
_a270377 _c270377 |
||
| 100 | _a20021219d2001 |||y0rusy50 ca | ||
| 101 | 0 | _arus | |
| 102 | _aRU | ||
| 105 | _ay ||||||||| | ||
| 200 | 1 |
_aУправленческие решения в малом бизнесе. Оценка конкурентов _eУчеб. пособие _fИзрайлева О. В. _gМ-во образования Рос. Федерации, Юж.-Урал. гос. ун-т, Каф. "Экономика сервиса" |
|
| 210 |
_aЧелябинск _cИзд-во Юж.-Урал. гос. ун-та _d2001 |
||
| 215 |
_a19, [1] с. _d20 |
||
| 320 | _aБиблиогр.: с. 17-20 | ||
| 606 | 1 |
_aПредпринимательство малое _jРуководства, пособия и т.п. для высшей школы _xУправление _92268257 _3RU\NLR\auth\661359637 |
|
| 606 | 1 |
_aПредпринимательство малое _jУчебные издания для высшей школы _xУправление _92268257 _3RU\NLR\auth\661359637 |
|
| 610 | 0 | _aМалые предприятия - Управление | |
| 610 | 0 | _aПринятие решений - Математическая теория | |
| 610 | 0 | _aКонкуренция экономическая - Математические исследования | |
| 675 |
_a658.15.01(075.8) _v3 _zrus |
||
| 686 | 1 | _aУ9(2)-13-21я73 | |
| 700 | 1 |
_aИзрайлева _bО. В. _gОльга Васильевна _4070 |
|
| 801 | 0 |
_aRU _bRKP _c20021219 _gPSBO |
|
| 801 | 1 |
_aRU _bRKP _c20021219 |
|
| 801 | 2 |
_aRU _bNLR _c20030415 _grcr |
|
| 942 | _cBOOK | ||
| 980 | _aNB | ||